00418cam a22001217a 4500008004000000082001500040245008300055260005000138300001000188650001800198650002600216700005400242180718b1939 xxu||||| |||| 00| 0 eng d aP4x54 A151 aBasic national education: a reportcby All India National Education Conference aSegeon, WardhabHindustani Talimi Sanghc1939 a206p. aZakir Hussain aCheirmen of Committee aAll India National Education Conference Committee